Logo BPK

Biblioteka

Politechniki Koszalińskiej

Własny dom : (Rekord nr 54962)

Szczegóły MARC
000 -ETYKIETA REKORDU
podpole kontrolne o stałej długości 01164nam a2200301 i 4500
001 - NUMER KONTROLNY REKORDU
pole kontrolne bg
020 ## - MIĘDZYNARODOWY ZNORMALIZOWANY NUMER KSIĄŻKI - ISBN
ISBN 9788374486620
040 ## - ŹRÓDŁO KATALOGOWANIA
Instytucja, która utworzyła rekord BPK
041 1# - KOD JĘZYKA
Kod języka tekstu pol
Kod języka oryginału eng
044 ## - KOD KRAJU WYDAWCY/PRODUCENTA
Kod kraju wydawcy/producenta POL
080 ## - UNIWERSALNA KLASYFIKACJA DZIESIĘTNA - UKD
UKD 69.059:728.3](083.1)
920 ## - Międzynarodowy znormalizowany numer książki – ISBN
ISBN 978-83-7448-662-0
008 - POLE O STAŁEJ DŁUGOŚCI - DANE KONTROLNE
podpole kontrolne o stałej długości s pl f |000 0 pol
100 1# - NAZWA OSOBOWA
Nazwa osobowa Jackson, Albert.
Daty związane z nazwą (1943- ).
245 10 - TYTUŁ/ODPOWIEDZIALNOŚĆ
Tytuł Własny dom :
Ciąg dalszy tytułu naprawa, remont, budowa /
Pozostałe elementy strefy tytułu i oznaczenia odpowiedzialności Albert Jackson, David Day ; tł. Leszek Kulczycki, Hanna Turczyn-Zalewska, Jerzy Woźniak.
246 1# - WARIANT TYTUŁU
Treść wyrażenia wprowadzającego Tyt. oryg. :
Tytuł Collins complete DIY manual
260 ## - STREFA ADRESU WYDAWNICZEGO
Miejsce wydania Warszawa :
Nazwa wydawcy/dystrybutora Hachette Livre Polska,
Data publikacji, dystrybucji/powstania dokumentu 2008.
300 ## - STREFA OPISU FIZYCZNEGO
Objętość 549 s. :
Inne cechy fizyczne il. ;
Rozmiary 29 cm.
500 ## - UWAGI OGÓLNE
Tekst uwagi Na okł. podtyt. : budowa, remont, naprawa. U dołu okł. : modernizacja, malowanie, dekorowanie, projekty, materiały, narzędzia, hydraulika, elektryczność, ogrzewanie.
650 #9 - HASŁO PRZEDMIOTOWE W FORMIE NAZWY OGÓLNEJ LUB JEDNOSTKOWEJ
Nazwa ogólna lub geograficzna Budownictwo jednorodzinne
Określnik ogólny remont
655 ## - TERMIN INDEKSOWY - OKREŚLENIE RODZAJU/FORMY DOKUMENTU
Określenie rodzaju/formy dokumentu Poradniki
700 1# - HASŁO DODATKOWE - NAZWA OSOBOWA
Nazwa osobowa Day, David
Daty związane z nazwą (1944- )
700 1# - HASŁO DODATKOWE - NAZWA OSOBOWA
Nazwa osobowa Kulczycki, Leszek.
Określenie związku między hasłem a opisywanym materiałem Tł.
700 1# - HASŁO DODATKOWE - NAZWA OSOBOWA
Nazwa osobowa Turczyn-Zalewska.
Określenie związku między hasłem a opisywanym materiałem Tł.
700 1# - HASŁO DODATKOWE - NAZWA OSOBOWA
Nazwa osobowa Woźniak, Jerzy
Daty związane z nazwą (1950- ).
Określenie związku między hasłem a opisywanym materiałem Tł.
856 ## - LOKALIZACJA I DOSTĘP DO ELEKTRONICZNYCH DOKUMENTÓW ZDALNYCH
Link (URL) http://koha.tu.koszalin.pl/cgi-bin/koha/opac-detail.pl?biblionumber=54962
Tekst linku Katalog online BPK
942 ## - DODATKOWE ELEMENTY (KOHA)
Typ dokumentu Książka
Egzemplarze
Wycofany Status egzemplarza Uszkodzony Dostępność Lokalizacja stała Lokalizacja bieżąca Miejsce przechowywania Sygnatura Kod kreskowy Dział Typ dokumentu
      Tylko na miejscu Biblioteka Politechniki Koszalińskiej Biblioteka Politechniki Koszalińskiej Czytelnia BG 87447 02429342 69 Przemysł budowlany Książka
      Tylko na miejscu Czytelnia Wydziału Elektroniki i Informatyki, Wydziału Architektury i Wzornictwa, Wydziału Inżynierii Mechanicznej i Energetyki oraz Wydziału Inżynierii Lądowej, Środowiska i Geodezji Czytelnia Wydziału Elektroniki i Informatyki, Wydziału Architektury i Wzornictwa, Wydziału Inżynierii Mechanicznej i Energetyki oraz Wydziału Inżynierii Lądowej, Środowiska i Geodezji Czytelnia Wydziałowa ul. Śniadeckich 2 87448 02429335 69 Przemysł budowlany. Rzemiosło budowlane Książka
© 2023 Biblioteka Politechniki Koszalińskiej :: KOHA